Zaschlá paleta : Paměti / [Autor:] Ludvík Kuba
Nové vydání pamětí zesnulého národního umělce L. Kuby vychází obohaceno o nové podrobnosti. Umělec vypráví zde o svém mládí, studiích, cestách, vztahu k hudbě a malířství i o svých názorech politických a uměleckých.
Record details
- Physical Description: 366, [3] s. : [32] obr. příl. [1] barev. obr. příl. ; 8°
- Edition: 2. vyd.
- Publisher: Praha : SNKLHU, 1958
Content descriptions
| General Note: | Jmenný rejstřík Noty 4000 výt. |
Search for related items by series
Available copies
- 1 of 1 copy available at Common Catalog SPOK.
Holds
- 0 current holds with 1 total copy.
Show Only Available Copies
| Location | Call Number / Copy Notes | Barcode | Shelving Location | Status | Due Date |
|---|---|---|---|---|---|
| KDS Library | 929 KuL | 204576803318 | Library | Available | - |
| LDR | 01341nam a22003131 4500 | ||
|---|---|---|---|
| 001 | 22707 | ||
| 003 | CZ-PrJAB | ||
| 005 | 20150724113711.0 | ||
| 008 | 980416s1958 xr cze | ||
| 015 | . | ‡acnb000440269 | |
| 035 | . | ‡a(CZ PrNK)bk195802427 | |
| 035 | . | ‡a(OCoLC)85193222 | |
| 040 | . | ‡aABA001 ‡bcze ‡cKLG001 ‡dABA001 | |
| 100 | 1 | . | ‡aKuba, Ludvík, ‡d1863-1956 ‡7jk01070226 ‡4aut |
| 245 | 1 | 0. | ‡aZaschlá paleta : ‡bPaměti / ‡c[Autor:] Ludvík Kuba |
| 250 | . | ‡a2. vyd. | |
| 260 | . | ‡aPraha : ‡bSNKLHU, ‡c1958 ‡f(Orbis 3) | |
| 300 | . | ‡a366, [3] s. : ‡b[32] obr. příl. [1] barev. obr. příl. ; ‡c8° | |
| 490 | 1 | . | ‡aPaměti, korespondence, dokumenty ; ‡vSv. 4 |
| 500 | . | ‡aJmenný rejstřík | |
| 500 | . | ‡aNoty | |
| 500 | . | ‡a4000 výt. | |
| 520 | . | ‡aNové vydání pamětí zesnulého národního umělce L. Kuby vychází obohaceno o nové podrobnosti. Umělec vypráví zde o svém mládí, studiích, cestách, vztahu k hudbě a malířství i o svých názorech politických a uměleckých. | |
| 830 | 0. | ‡aPaměti, korespondence, dokumenty | |
| 910 | . | ‡aABE463 | |
| 964 | . | ‡aMalířství české - stol. 19., 2. pol.-20., 1. pol. - paměti | |
| 964 | . | ‡aNárodopis český a slovenský - paměti | |
| 964 | . | ‡aKuba, Ludvík (1863-1956 malíř, spisovatel a národopisec čes.): paměti | |
| 964 | . | ‡aPísně slovanské lidové - sběratelství - paměti | |
| 998 | . | ‡a000440269 | |
| 901 | . | ‡a22707 ‡b ‡c22707 ‡tbiblio | |